Top 10(z 50) SPOTIFY - Styczeń 2026 - Statystyki

Ogólne statystyki
  • Ten quiz został rozwiązany 28 razy
  • Średni wynik to 4 z 10
Statystyki odpowiedzi
Autor Tytuł % Poprawnych
Taco Hemingway Zakochałem się pod apteką
68%
Malik Montana Baciata
60%
Mata Będę prezydentem :)
60%
Sobel Za kogo mnie masz?
48%
Fagata Freaky
40%
Taco Hemingway Frascati
36%
Pezet Plan B
36%
Tax Free After
24%
ASAP Rocky Helicopter
20%
Malik Montana Plain Jane
8%
Nie znaleziono quizów pasujących do podanych kryteriów
Rozkład punktacji
Procent ludzi z każdym wynikiem
Percentyl według liczby udzielonych odpowiedzi
Twoja historia wyników
Nie rozwiązałeś tego quizu